[Event "Buenos Aires"]
[Site "?"]
[Date "1996.??.??"]
[Round "?"]
[White "Almasi, Z."]
[Black "Tiviakov, S."]
[Result "1/2-1/2"]
[WhiteElo "2650"]
[BlackElo "2625"]
[PlyCount "116"]
[EventDate "1996.??.??"]
[Source "ChessBase"]
[SourceDate "1996.02.01"]

1. e4 c5 2. Nf3 Nc6 3. d4 cxd4 4. Nxd4 g6 5. c4 Nf6 6. Nc3 Nxd4 7. Qxd4 d6 8. Be2 Bg7 9. O-O O-O 10. Qd3 Be6 11. Bd2 Nd7 12. b3 a6 13. Rac1 Ne5 14. Qg3 Nc6 15. f4 Nd4 16. Bd3 f5 17. exf5 Bxf5 18. Bxf5 Rxf5 19. Qd3 Qd7 20. Nd5 Raf8 21. Bc3 Nc6 22. Bxg7 Kxg7 23. Qe4 R5f7 24. Rfe1 Qf5 25. Qxf5 Rxf5 26. Rcd1 e5 27. Nc7 Kg8 28. fxe5 dxe5 29. Ne6 R8f7 30. Rd2 Re7 31. Nc5 Kg7 32. Rd6 Rf6 33. Rd5 Rf8 34. h3 Rfe8 35. Rd6 Rc8 36. Nd3 Rce8 37. Re4 Re6 38. Rd5 R6e7 39. Kh2 Kf6 40. Nc5 Kg7 41. Rd6 Rc8 42. Nd3 Rce8 43. b4 a5 44. b5 Nb4 45. Nc1 Rc8 46. Rd2 Rec7 47. Rxe5 Kf6 48. Ree2 a4 49. Rd6+ Kg5 50. a3 Rxc4 51. Re5+ Kh6 52. Ne2 Nc2 53. Ng3 R8c5 54. Re7 Rc7 55. Nf5+ Kg5 56. Rxc7 Rxc7 57. Nd4 Nxd4 58. Rxd4 Rc5 1/2-1/2

[Event "LXI Lega superiore camp. russo"]
[Site "Novokuznetsk RUS"]
[Date "2008.09.10"]
[Round "7"]
[White "Vitiugov, N."]
[Black "Timofeev, Arty"]
[Result "1/2-1/2"]
[WhiteElo "2616"]
[BlackElo "2650"]
[PlyCount "129"]
[EventDate "2008.09.03"]
[Source "www.chesslib.no"]
[SourceDate "2004.05.04"]

1. c4 c5 2. Nf3 Nf6 3. d4 cxd4 4. Nxd4 g6 5. Nc3 Nc6 6. e4 Nxd4 7. Qxd4 d6 8. Be2 Bg7 9. Be3 O-O 10. Qd2 a5 11. O-O a4 12. Rac1 Qa5 13. f3 Be6 14. Nd5 Qxd2 15. Nxe7+ Kh8 16. Bxd2 Rfe8 17. Nd5 Nxd5 18. cxd5 Bxd5 19. Bb5 Re5 20. Bxa4 Bxa2 21. Bd1 Rc5 22. Bc3 Bxc3 23. bxc3 d5 24. exd5 Bxd5 25. Rf2 Ra3 26. Rd2 Be6 27. Rb1 Rc7 28. Kf2 Raxc3 29. Rb6 Kg7 30. f4 R3c4 31. g3 Bd7 32. Bf3 Rc2 33. Ke1 Rc1+ 34. Kf2 R7c2 35. Rxc2 Rxc2+ 36. Ke3 Bc6 37. Bxc6 bxc6 38. g4 Kf6 39. Kd3 Rc1 40. Rb7 h5 41. gxh5 gxh5 42. Rc7 Kg6 43. Ke4 Rc4+ 44. Kd3 Rc1 45. Ke4 f5+ 46. Kd4 h4 47. h3 Rd1+ 48. Ke3 Re1+ 49. Kd2 Re6 50. Kd3 Rd6+ 51. Kc4 Re6 52. Kd3 Kf6 53. Rh7 Re4 54. Rh6+ Kg7 55. Rxc6 Rxf4 56. Ke3 Ra4 57. Kf3 Ra3+ 58. Kf4 Rxh3 59. Kxf5 Rg3 60. Kf4 Rg1 61. Rc7+ Kh6 62. Rc6+ Rg6 63. Rxg6+ Kxg6 64. Kg4 h3 65. Kxh3 1/2-1/2

[Event "Olimpiadi 2008 - open"]
[Site "Dresda GER"]
[Date "2008.11.22"]
[Round "9"]
[White "Perunovic, Mil"]
[Black "Guseinov, G."]
[Result "1/2-1/2"]
[WhiteElo "2580"]
[BlackElo "2650"]
[PlyCount "117"]
[EventDate "2008.11.13"]
[Source "www.chesslib.no"]
[SourceDate "2004.05.04"]

1. e4 c5 2. Nf3 g6 3. d4 cxd4 4. Nxd4 Nc6 5. c4 Nf6 6. Nc3 Nxd4 7. Qxd4 d6 8. Be3 Bg7 9. f3 O-O 10. Qd2 a5 11. Be2 a4 12. O-O Qa5 13. Rab1 Be6 14. Rfc1 Rfc8 15. b4 axb3 16. axb3 Qb4 17. Qc2 d5 18. e5 Nh5 19. g4 d4 20. Bxd4 Nf4 21. Qe4 g5 22. Bf1 Rd8 23. Na4 Ng6 24. Bc3 Qa3 25. Ra1 Qxb3 26. Rcb1 Qxa4 27. Rxa4 Rxa4 28. Rxb7 Rc8 29. Qc2 Raa8 30. Qe4 Ra4 31. Qc2 Ra6 32. Qb2 Raa8 33. Qb5 Rd8 34. Ba5 Rd1 35. Rb8+ Rxb8 36. Qxb8+ Bf8 37. Kf2 Ra1 38. Bc3 Ra2+ 39. Kg3 h5 40. gxh5 Nf4 41. Bb2 Nxh5+ 42. Kf2 Nf4 43. Ke3 Ra4 44. Qb5 Ra8 45. c5 Bd5 46. Bc4 e6 47. Bxd5 Nxd5+ 48. Kf2 Ra2 49. Kg3 Bxc5 50. Qxc5 Rxb2 51. Qc1 Rb8 52. Qxg5+ Kh7 53. Qh5+ Kg7 54. h4 Rg8 55. Kf2 Kf8 56. Qh6+ Rg7 57. Qh8+ Rg8 58. Qh6+ Rg7 59. Qh8+ 1/2-1/2

[Event "Kemerovo1"]
[Site "Kemerovo"]
[Date "1995.??.??"]
[Round "11"]
[White "Dolmatov, Sergey"]
[Black "Pigusov, Evgeny"]
[Result "1/2-1/2"]
[WhiteElo "2615"]
[BlackElo "2580"]
[PlyCount "28"]
[EventDate "1995.08.??"]
[Source "ChessBase"]

1. e4 c5 2. Nf3 Nc6 3. d4 cxd4 4. Nxd4 g6 5. c4 Nf6 6. Nc3 Nxd4 7. Qxd4 d6 8. Bg5 Bg7 9. Be2 O-O 10. Qd2 Be6 11. Rc1 Qa5 12. f3 Rfc8 13. b3 a6 14. Nd5 Qxd2+ 1/2-1/2

[Event "Europa ch 2008"]
[Site "Plovdiv BUL"]
[Date "2008.04.29"]
[Round "8.30"]
[White "Balogh, Csaba"]
[Black "Guseinov, Gadir"]
[Result "1/2-1/2"]
[WhiteElo "2559"]
[BlackElo "2625"]
[PlyCount "75"]
[EventDate "2008.04.21"]
[Source "www.chesslib.no"]
[SourceDate "2004.05.04"]

1. e4 c5 2. Nf3 g6 3. d4 cxd4 4. Nxd4 Nc6 5. c4 Nf6 6. Nc3 Nxd4 7. Qxd4 d6 8. Be2 Bg7 9. Be3 O-O 10. Qd2 a5 11. Rc1 a4 12. f3 Qa5 13. O-O Be6 14. Nd5 Qxd2 15. Nxe7+ Kh8 16. Bxd2 Rfe8 17. Nd5 Nxd5 18. cxd5 Bxd5 19. Bb5 Re5 20. Bxa4 Bxa2 21. b3 Rc5 22. Be3 b5 23. Bxc5 bxa4 24. Bxd6 axb3 25. e5 b2 26. Rcd1 h5 27. f4 Ra5 28. Kf2 Rb5 29. Rb1 Kg8 30. Ke3 Bxb1 31. Rxb1 Bh6 32. g3 g5 33. Ke4 gxf4 34. gxf4 Bf8 35. Rg1+ Kh7 36. Rb1 Kg8 37. Rg1+ Kh7 38. Rb1 1/2-1/2

[Event "FRG-ch International"]
[Site "Dortmund"]
[Date "1973.??.??"]
[Round "11"]
[White "Spassky, Boris V"]
[Black "Parma, Bruno"]
[Result "1/2-1/2"]
[WhiteElo "2660"]
[BlackElo "2510"]
[PlyCount "43"]
[EventDate "1973.??.??"]
[Source "ChessBase"]

1. e4 c5 2. Nf3 Nc6 3. d4 cxd4 4. Nxd4 g6 5. c4 Nf6 6. Nc3 Nxd4 7. Qxd4 d6 8. Be3 Bg7 9. Be2 O-O 10. Qd2 Be6 11. Rc1 Qa5 12. f3 Rfc8 13. b3 a6 14. Na4 Qxd2+ 15. Kxd2 Nd7 16. f4 Rab8 17. Ba7 Ra8 18. Be3 Rab8 19. Bd3 Nc5 20. Nxc5 dxc5 21. Ke2 Bd7 22. Bb1 1/2-1/2

[Event "X Open"]
[Site "Dubai EAU"]
[Date "2008.04.13"]
[Round "8"]
[White "Ibrahimov, Rasul"]
[Black "Guseinov, Gadir"]
[Result "1/2-1/2"]
[WhiteElo "2535"]
[BlackElo "2625"]
[PlyCount "29"]
[EventDate "2008.04.07"]
[Source "www.chesslib.no"]
[SourceDate "2004.05.04"]

1. e4 c5 2. Nf3 g6 3. d4 cxd4 4. Nxd4 Nc6 5. c4 Nf6 6. Nc3 Nxd4 7. Qxd4 d6 8. Be2 Bg7 9. Be3 O-O 10. Qd2 a5 11. f3 a4 12. O-O Qa5 13. Rab1 Be6 14. Rfc1 Rfc8 15. b4 1/2-1/2

[Event "FRA-ch"]
[Site "Aix les Bains"]
[Date "2003.08.29"]
[Round "11"]
[White "Fontaine, Robert"]
[Black "Dorfman, Josif D"]
[Result "1/2-1/2"]
[WhiteElo "2541"]
[BlackElo "2607"]
[PlyCount "30"]
[EventDate "2003.08.18"]
[Source "ChessBase"]
[SourceDate "2003.11.11"]

1. e4 c5 2. Nf3 Nc6 3. d4 cxd4 4. Nxd4 g6 5. c4 Nf6 6. Nc3 Nxd4 7. Qxd4 d6 8. Bg5 Bg7 9. Qd2 O-O 10. Bd3 Be6 11. O-O Ng4 12. Nd5 Re8 13. Be2 Ne5 14. Rac1 Bxd5 15. cxd5 Nd7 1/2-1/2

[Event "Bourbon Lancy op"]
[Site "Bourbon Lancy"]
[Date "1997.??.??"]
[Round "9"]
[White "Sokolov, Andrei"]
[Black "Pigusov, Evgeny"]
[Result "1/2-1/2"]
[WhiteElo "2585"]
[BlackElo "2560"]
[PlyCount "25"]
[EventDate "1997.10.25"]
[Source "ChessBase"]
[SourceDate "1998.03.09"]

1. e4 c5 2. Nf3 Nc6 3. d4 cxd4 4. Nxd4 g6 5. c4 Nf6 6. Nc3 Nxd4 7. Qxd4 d6 8. Be2 Bg7 9. Be3 O-O 10. Qd2 Be6 11. Rc1 Qa5 12. f3 Rfc8 13. b3 1/2-1/2

[Event "TCh-CZE Extraliga 2003-4"]
[Site "Czech Rep"]
[Date "2004.03.21"]
[Round "9"]
[White "Hracek, Zbynek"]
[Black "Jirovsky, Milos"]
[Result "1/2-1/2"]
[WhiteElo "2599"]
[BlackElo "2526"]
[PlyCount "37"]
[EventDate "2004.01.08"]
[Source "Roberto Alvarez"]
[SourceDate "2004.04.05"]

1. e4 c5 2. Nf3 Nc6 3. d4 cxd4 4. Nxd4 g6 5. c4 Nf6 6. Nc3 Nxd4 7. Qxd4 d6 8. Be2 Bg7 9. Be3 O-O 10. Qd2 Be6 11. f3 Qa5 12. Rc1 Rfc8 13. b3 a6 14. Na4 Qxd2+ 15. Kxd2 Nd7 16. f4 Rc7 17. Rhd1 Rb8 18. Bf3 Rbc8 19. Nb6 1/2-1/2

[Event "Europa ch 2008"]
[Site "Plovdiv BUL"]
[Date "2008.05.02"]
[Round "11.77"]
[White "Kuzubov, Yuriy"]
[Black "Shanava, Konstantine"]
[Result "1/2-1/2"]
[WhiteElo "2603"]
[BlackElo "2518"]
[PlyCount "139"]
[EventDate "2008.04.21"]
[Source "www.chesslib.no"]
[SourceDate "2004.05.04"]

1. e4 c5 2. Nf3 Nc6 3. d4 cxd4 4. Nxd4 g6 5. c4 Nf6 6. Nc3 Nxd4 7. Qxd4 d6 8. Be3 Bg7 9. f3 O-O 10. Qd2 Be6 11. Rc1 Qa5 12. b3 Rfc8 13. Be2 a6 14. Na4 Qxd2+ 15. Kxd2 Nd7 16. g4 Rcb8 17. Nc3 b5 18. Nd5 Bxd5 19. cxd5 Rc8 20. Rxc8+ Rxc8 21. Rc1 Rxc1 22. Kxc1 Nc5 23. Kc2 b4 24. Bd2 a5 25. Bc4 Bd4 26. Kb1 Nb7 27. a3 bxa3 28. Ka2 Bc5 29. Ba6 Bb4 30. Bxb7 Bxd2 31. Kxa3 Kg7 32. Kb2 Kf6 33. Kc2 Bf4 34. h4 Bg3 35. Kd3 Bxh4 36. f4 Be1 37. Ke3 Bb4 38. Bc6 Ba3 39. Bd7 Bc1+ 40. Kf3 g5 41. fxg5+ Bxg5 42. Be8 h6 43. Bb5 Ke5 44. Be8 Kd4 45. Ba4 Kd3 46. Bb5+ Kc3 47. Ba4 e6 48. dxe6 fxe6 49. e5 d5 50. Bd7 d4 51. Bxe6 d3 52. Bf5 d2 53. Ke2 Kxb3 54. Kd1 Kc3 55. Bd7 Kd3 56. e6 Ke3 57. Ba4 Kf3 58. Bd7 Ke3 59. Ba4 Be7 60. Bd7 Bc5 61. Ba4 Bb4 62. Bd7 Ba3 63. Ba4 Bf8 64. Bd7 Bb4 65. Ba4 Kf3 66. Bd7 Be7 67. Kxd2 Kxg4 68. Ke2 h5 69. Kf2 Kh3 70. Kg1 1/2-1/2

[Event "World Cup VII Final"]
[Site "Cork World Cup VII Final"]
[Date "1994.??.??"]
[Round "?"]
[White "Lepikhov, Aleksey"]
[Black "Veinger, Itzhak"]
[Result "1-0"]
[WhiteElo "2515"]
[BlackElo "2585"]
[PlyCount "85"]
[EventDate "1994.??.??"]
[Source "www.chesslib.no"]
[SourceDate "2004.05.04"]

1. e4 c5 2. Nf3 Nc6 3. d4 cxd4 4. Nxd4 g6 5. c4 Nf6 6. Nc3 Nxd4 7. Qxd4 d6 8. Be2 Bg7 9. Be3 O-O 10. Qd3 Nd7 11. Bd4 Nc5 12. Qe3 Bxd4 13. Qxd4 Qa5 14. O-O Ne6 15. Qd2 Qe5 16. Rad1 Nf4 17. Bf3 g5 18. Rde1 b6 19. g3 Nh3+ 20. Kh1 g4 21. Bg2 Ng5 22. Re3 Kh8 23. Qe2 f6 24. Rd1 Bd7 25. Nd5 Rfc8 26. Nf4 Ne6 27. Nd3 Qa5 28. b3 Nd4 29. Qb2 Nc6 30. e5 dxe5 31. Nxe5 Nxe5 32. Rd5 Rc5 33. Rexe5 Rxd5 34. Bxd5 Qc5 35. Rxe7 Qxe7 36. Bxa8 Qd6 37. Bd5 Kg7 38. Kg2 h5 39. Qd4 Bf5 40. Qf4 Qd7 41. Qb8 Qe7 42. Qg8+ Kh6 43. Qf7 1-0

[Event "Dzwirzyno (Poland)"]
[Site "?"]
[Date "2004.08.??"]
[Round "?"]
[White "Cyborowski Lukasz"]
[Black "Wojtaszek Radoslaw"]
[Result "1-0"]
[WhiteElo "2564"]
[BlackElo "2536"]
[PlyCount "60"]
[EventDate "2004.??.??"]
[Source "www.chesslib.no"]
[SourceDate "2004.05.04"]

1. Nf3 c5 2. c4 Nf6 3. Nc3 Nc6 4. d4 cxd4 5. Nxd4 g6 6. e4 Nxd4 7. Qxd4 d6 8. Be2 Bg7 9. Be3 O-O 10. Qd2 Be6 11. f3 Qa5 12. Rc1 Rfc8 13. b3 a6 14. Na4 Qxd2+ 15. Kxd2 Nd7 16. g4 Rab8 17. Nc3 Nc5 18. Nd5 Nd3 19. a4 Rd8 20. Bh6 Bf6 21. a5 Bg7 22. Be3 Kf8 23. g5 Ke8 24. h4 h5 25. e5 Bh8 26. b4 Bxd5 27. cxd5 Bg7 28. Kc2 dxe5 29. f4 Kd7 30. Bc5 Nxf4 1-0

[Event "Dresden"]
[Site "?"]
[Date "1995.??.??"]
[Round "?"]
[White "Lutz, Ch"]
[Black "Schlosser, Ph"]
[Result "1-0"]
[WhiteElo "2575"]
[BlackElo "2500"]
[PlyCount "107"]
[EventDate "1995.??.??"]
[Source "ChessBase"]
[SourceDate "1995.06.01"]

1. e4 c5 2. Nf3 Nc6 3. d4 cxd4 4. Nxd4 g6 5. c4 Nf6 6. Nc3 Nxd4 7. Qxd4 d6 8. Bg5 Bg7 9. Qd2 Be6 10. Rc1 Qa5 11. f3 O-O 12. Be2 Rfc8 13. b3 Rab8 14. Nd5 Qxd2+ 15. Kxd2 Bxd5 16. cxd5 Kf8 17. Be3 Ra8 18. g4 Nd7 19. Rxc8+ Rxc8 20. Rc1 Rxc1 21. Kxc1 a6 22. Kc2 Ke8 23. g5 Nc5 24. b4 Na4 25. b5 Nc5 26. bxa6 bxa6 27. h4 Kd8 28. Bf1 Kc7 29. Bh3 Nd7 30. Bf1 Nc5 31. Bh3 Nd7 32. f4 h6 33. Bf1 hxg5 34. hxg5 Kb7 35. Be2 Ba1 36. Kb1 Bc3 37. Kc2 Ba5 38. Bg4 Bb6 39. Bxb6 Nxb6 40. Kb3 Na8 41. Bd7 Nc7 42. f5 Kb6 43. Kc4 Kb7 44. a4 Kb6 45. Bc6 Ka7 46. Kc3 Kb6 47. Kb4 a5+ 48. Kc4 Ka6 49. Kd4 Kb6 50. Bd7 Kb7 51. fxg6 fxg6 52. e5 dxe5+ 53. Kxe5 Kb6 54. Be6 1-0

[Event "Extraliga 2004"]
[Site "Dzwirzyno"]
[Date "2004.??.??"]
[Round "?"]
[White "Cyborowski, Lukasz"]
[Black "Wojtaszek, Radoslaw"]
[Result "1-0"]
[WhiteElo "2565"]
[BlackElo "2487"]
[PlyCount "87"]
[EventDate "2004.09.04"]
[Source "Roberto Alvarez"]
[SourceDate "2004.10.05"]

1. Nf3 c5 2. c4 Nf6 3. Nc3 Nc6 4. d4 cxd4 5. Nxd4 g6 6. e4 Nxd4 7. Qxd4 d6 8. Be2 Bg7 9. Be3 O-O 10. Qd2 Be6 11. f3 Qa5 12. Rc1 Rfc8 13. b3 a6 14. Na4 Qxd2+ 15. Kxd2 Nd7 16. g4 Rab8 17. Nc3 Nc5 18. b4 Nd7 19. Nd5 Bxd5 20. cxd5 Bb2 21. Rxc8+ Rxc8 22. Rb1 Bc3+ 23. Kd1 Bg7 24. Rc1 Rxc1+ 25. Kxc1 Kf8 26. Kc2 e5 27. dxe6 fxe6 28. f4 Ke7 29. Kd3 Nb8 30. a4 Nc6 31. Kc4 Kd7 32. h4 d5+ 33. exd5 exd5+ 34. Kxd5 Nxb4+ 35. Kc5 Bf8+ 36. Kc4 Ke6 37. Bc5 Bxc5 38. Kxc5 a5 39. Bc4+ Ke7 40. Kb6 Nc2 41. Kxa5 Ne3 42. Be2 Nd5 43. Bf3 Nxf4 44. Kb6 1-0

[Event "I Open internazionale"]
[Site "Gurgon IND"]
[Date "2009.01.23"]
[Round "4"]
[White "Sethuraman, S."]
[Black "Kuzubov, Y."]
[Result "1/2-1/2"]
[WhiteElo "2415"]
[BlackElo "2626"]
[PlyCount "39"]
[EventDate "2009.01.21"]
[Source "www.chesslib.no"]
[SourceDate "2004.05.04"]

1. e4 c5 2. Nf3 Nc6 3. d4 cxd4 4. Nxd4 g6 5. c4 Nf6 6. Nc3 Nxd4 7. Qxd4 d6 8. f3 Bg7 9. Be3 O-O 10. Qd2 a5 11. Na4 Nd7 12. Rc1 Nc5 13. Nxc5 dxc5 14. Bxc5 Qxd2+ 15. Kxd2 Bxb2 16. Rb1 Bf6 17. Bd3 Be6 18. Rxb7 Rfc8 19. Bxe7 Bxe7 20. Rxe7 1/2-1/2

[Event "Venice"]
[Site "Venice ITA"]
[Date "1971.??.??"]
[Round "3"]
[White "Kavalek, Lubomir"]
[Black "Damjanovic, Mato"]
[Result "1/2-1/2"]
[WhiteElo "2540"]
[BlackElo "2500"]
[PlyCount "51"]
[EventDate "1971.10.??"]
[Source "www.chesslib.no"]
[SourceDate "2004.05.04"]

1. e4 c5 2. Nf3 Nc6 3. d4 cxd4 4. Nxd4 g6 5. c4 Nf6 6. Nc3 Nxd4 7. Qxd4 d6 8. Be3 Bg7 9. f3 O-O 10. Qd2 Bd7 11. Be2 Qc7 12. O-O Rfc8 13. Rac1 Qd8 14. Rfd1 Bc6 15. b4 b6 16. a3 Qf8 17. Nd5 Qe8 18. Nc3 Qf8 19. Bf1 Nd7 20. Nd5 h6 21. Be2 Kh7 22. Nc3 Qh8 23. Rc2 Nf8 24. a4 Ne6 25. a5 bxa5 26. b5 1/2-1/2

[Event "RUS-ch 54th"]
[Site "Elista"]
[Date "2001.05.02"]
[Round "3"]
[White "Dvoirys, Semen I"]
[Black "Inarkiev, Ernesto"]
[Result "1-0"]
[WhiteElo "2568"]
[BlackElo "2469"]
[PlyCount "79"]
[EventDate "2001.04.29"]
[Source "ChessBase"]
[SourceDate "2001.07.05"]

1. e4 c5 2. Nf3 Nc6 3. d4 cxd4 4. Nxd4 g6 5. c4 Nf6 6. Nc3 Nxd4 7. Qxd4 d6 8. Be2 Bg7 9. Be3 O-O 10. Qd2 a5 11. O-O a4 12. Bd4 Be6 13. Qe3 Nd7 14. Bxg7 Kxg7 15. Nd5 Re8 16. Rad1 Bxd5 17. exd5 Qb6 18. Qc3+ Kg8 19. Rd4 Qa5 20. Qc1 Nf6 21. a3 Rec8 22. Qe3 Qb6 23. Rb1 Qd8 24. h4 Qf8 25. Re1 Re8 26. Qd2 Nd7 27. h5 Qg7 28. Bd1 Nc5 29. Re3 Rab8 30. Rh4 b6 31. Reh3 b5 32. cxb5 Rxb5 33. hxg6 hxg6 34. Qf4 e5 35. Qh2 Kf8 36. Rh7 Rxb2 37. Rxg7 Rb1 38. Rxf7+ Kxf7 39. Rh7+ Kg8 40. Qh6 1-0

[Event "Pardubice Czech op"]
[Site "Pardubice"]
[Date "1998.??.??"]
[Round "7"]
[White "Ftacnik, Lubomir"]
[Black "Stocek, Jiri"]
[Result "1/2-1/2"]
[WhiteElo "2580"]
[BlackElo "2450"]
[PlyCount "81"]
[EventDate "1998.07.??"]
[Source "www.chesslib.no"]
[SourceDate "2004.05.04"]

1. Nf3 Nf6 2. c4 c5 3. Nc3 Nc6 4. d4 cxd4 5. Nxd4 g6 6. e4 Nxd4 7. Qxd4 d6 8. Be3 Bg7 9. f3 O-O 10. Qd2 Be6 11. Rc1 Rc8 12. b3 a6 13. Be2 b5 14. cxb5 axb5 15. O-O b4 16. Nb5 Qa5 17. a3 Bxb3 18. axb4 Qa2 19. Qxa2 Bxa2 20. Na7 Rxc1 21. Rxc1 d5 22. Nc6 dxe4 23. Nxe7+ Kh8 24. b5 Re8 25. Rc7 Ng8 26. Bc5 exf3 27. Bxf3 Nxe7 28. Rxe7 Rxe7 29. Bxe7 Bc4 30. Bc6 Bd4+ 31. Kh1 Bb6 32. Bf6+ Kg8 33. h3 h6 34. Kh2 g5 35. Kg3 Kh7 36. Be4+ Kg8 37. Kg4 Be2+ 38. Bf3 Bxb5 39. Kh5 g4 40. hxg4 Be3 41. g5 1/2-1/2

[Event "Bucharest primaver"]
[Site "Bucharest"]
[Date "1997.??.??"]
[Round "5"]
[White "Marin, Mihail"]
[Black "Kovacevic, Aleksandar"]
[Result "1/2-1/2"]
[WhiteElo "2545"]
[BlackElo "2485"]
[PlyCount "22"]
[EventDate "1997.??.??"]
[Source "www.chesslib.no"]
[SourceDate "2004.05.04"]

1. Nf3 c5 2. c4 Nc6 3. d4 cxd4 4. Nxd4 g6 5. e4 Nf6 6. Nc3 Nxd4 7. Qxd4 d6 8. f3 Bg7 9. Be3 O-O 10. Qd2 Be6 11. Rc1 Qa5 1/2-1/2

[Event "Bucharest primaver"]
[Site "Bucharest"]
[Date "1997.??.??"]
[Round "9"]
[White "Badea, Bela"]
[Black "Kovacevic, Aleksandar"]
[Result "1-0"]
[WhiteElo "2535"]
[BlackElo "2485"]
[PlyCount "95"]
[EventDate "1997.??.??"]
[Source "www.chesslib.no"]
[SourceDate "2004.05.04"]

1. Nf3 c5 2. c4 Nc6 3. d4 cxd4 4. Nxd4 g6 5. e4 Nf6 6. Nc3 Nxd4 7. Qxd4 d6 8. Be3 Bg7 9. f3 O-O 10. Qd2 Be6 11. Rc1 Qa5 12. b3 Rfc8 13. Be2 a6 14. Nd5 Qxd2+ 15. Kxd2 Bxd5 16. cxd5 Nd7 17. Rc4 Rxc4 18. bxc4 Rc8 19. Rb1 Rc7 20. f4 Bf6 21. a4 Kf8 22. Kd3 e6 23. Rb3 exd5 24. cxd5 h5 25. g3 Ke7 26. Kd2 Bg7 27. Bd3 Bf6 28. Bf1 Bg7 29. Bh3 Bf6 30. Kd3 Bg7 31. Bf1 Ba1 32. Bg2 f6 33. Bh3 Nc5+ 34. Bxc5 dxc5 35. Kc4 Bd4 36. Rb6 Kd8 37. a5 Re7 38. Be6 g5 39. Bf5 gxf4 40. gxf4 Rg7 41. d6 Be3 42. d7 Bxf4 43. Rxf6 Rg8 44. Be6 Bg5 45. Rf5 Rg6 46. Rf8+ Kc7 47. Rc8+ Kd6 48. Bf5 1-0

[Event "RUS-Cup1 Chigorin mem"]
[Site "St Petersburg"]
[Date "1996.??.??"]
[Round "3"]
[White "Aseev, Konstantin N"]
[Black "Beshukov, Sergei"]
[Result "1-0"]
[WhiteElo "2560"]
[BlackElo "2460"]
[PlyCount "103"]
[EventDate "1996.11.??"]
[Source "ChessBase"]

1. Nf3 c5 2. c4 g6 3. d4 cxd4 4. Nxd4 Nc6 5. e4 Nf6 6. Nc3 Nxd4 7. Qxd4 d6 8. Bg5 Bg7 9. Qd2 O-O 10. Bd3 Be6 11. Rc1 Nd7 12. Be2 Nc5 13. f3 a5 14. O-O a4 15. Kh1 Re8 16. Nd5 Ra6 17. Rf2 a3 18. bxa3 Rxa3 19. Bf1 Bxd5 20. cxd5 Qa5 21. Qxa5 Rxa5 22. Rfc2 h6 23. Bd2 Raa8 24. Bb5 Reb8 25. Rb1 g5 26. Kg1 Bd4+ 27. Kf1 Kg7 28. Rb4 Bf6 29. a4 e6 30. dxe6 fxe6 31. Be3 b6 32. Ke2 Ra7 33. g3 Kf7 34. f4 gxf4 35. gxf4 Rg8 36. Kf3 Rc8 37. Be2 Bd8 38. Rd2 Ke7 39. Bb5 Rca8 40. Bc6 Rc8 41. Bb5 Rca8 42. f5 h5 43. e5 exf5 44. Rxd6 Bc7 45. Bg5+ Kf7 46. Rf6+ Kg7 47. Bh6+ Kh7 48. Bf4 Bd8 49. Rh6+ Kg7 50. Rb1 Rxa4 51. Rg1+ Kf7 52. Rh7+ 1-0

[Event "Budapest Tungsram"]
[Site "Budapest HUN"]
[Date "1973.??.??"]
[Round "9"]
[White "Lengyel, Levente"]
[Black "Szabo, Laszlo"]
[Result "1/2-1/2"]
[WhiteElo "2450"]
[BlackElo "2565"]
[PlyCount "28"]
[EventDate "1973.??.??"]
[Source "www.chesslib.no"]
[SourceDate "2004.05.04"]

1. Nf3 c5 2. c4 g6 3. e4 Nc6 4. d4 cxd4 5. Nxd4 Nf6 6. Nc3 Nxd4 7. Qxd4 d6 8. Be3 Bg7 9. f3 O-O 10. Qd2 Qa5 11. Rc1 Be6 12. Nd5 Qxa2 13. Nxe7+ Kh8 14. Bd4 Rfd8 1/2-1/2

[Event "Rubinstein mem"]
[Site "Polanica Zdroj"]
[Date "1972.??.??"]
[Round "8"]
[White "Smejkal, Jan"]
[Black "Zuckerman, Bernard"]
[Result "1-0"]
[WhiteElo "2545"]
[BlackElo "2460"]
[PlyCount "83"]
[EventDate "1972.08.??"]
[Source "ChessBase"]

1. Nf3 c5 2. c4 g6 3. d4 cxd4 4. Nxd4 Nc6 5. e4 Nf6 6. Nc3 Nxd4 7. Qxd4 d6 8. Be2 Bg7 9. Bg5 O-O 10. Qd2 Be6 11. O-O Rc8 12. b3 b5 13. e5 dxe5 14. Qxd8 Rfxd8 15. Nxb5 a6 16. Nc3 h6 17. Be3 Nd7 18. Rad1 Nb8 19. Bf3 Rxd1 20. Rxd1 Nc6 21. Bxc6 Rxc6 22. Nd5 Bxd5 23. Rxd5 f5 24. f3 Kf7 25. Kf1 Ke6 26. Ke2 Rd6 27. Ra5 e4 28. fxe4 fxe4 29. Bf4 Rd3 30. Rxa6+ Kf5 31. Bd2 h5 32. Ra5+ Ke6 33. Rg5 Bc3 34. Be3 Bf6 35. Rd5 Rc3 36. Kd2 Kf7 37. Rd8 e6 38. Rd7+ Ke8 39. Rd6 Ke7 40. Bc5 e3+ 41. Ke2 Kf7 42. Bxe3 1-0

[Event "Clare Benedict Cup"]
[Site "Gstaad"]
[Date "1973.??.??"]
[Round "?"]
[White "Schmid, Lothar M L"]
[Black "Ree, Hans"]
[Result "1-0"]
[WhiteElo "2550"]
[BlackElo "2440"]
[PlyCount "80"]
[EventDate "1973.06.23"]
[Source "www.chesslib.no"]
[SourceDate "2004.05.04"]

1. e4 c5 2. Nf3 Nc6 3. d4 cxd4 4. Nxd4 g6 5. c4 Nf6 6. Nc3 Nxd4 7. Qxd4 d6 8. Be2 Bg7 9. O-O O-O 10. Bg5 Be6 11. Qd3 a6 12. b3 Qb8 13. Rac1 h6 14. Be3 b5 15. Nd5 Nxd5 16. exd5 bxc4 17. Rxc4 Bd7 18. Qd2 Bb5 19. Rc2 Rc8 20. Rfc1 Rxc2 21. Rxc2 h5 22. Bg5 Qb7 23. Bf3 Bf6 24. h4 Rc8 25. Rxc8+ Qxc8 26. Bxf6 exf6 27. a4 Be8 28. Be2 Qb7 29. Bc4 Kg7 30. Qa5 Bd7 31. Qxa6 Qb4 32. Qa7 Bf5 33. a5 Qe1+ 34. Kh2 Qe5+ 35. g3 Qe4 36. Qe3 Qb1 37. a6 Be4 38. f3 Qc2+ 39. Qe2 Qxe2+ 40. Bxe2 Bxd5 1-0

[Event "HUN-ch"]
[Site "Budapest"]
[Date "1996.??.??"]
[Round "11"]
[White "Fogarasi, Tibor"]
[Black "Kiss, Pal"]
[Result "1-0"]
[WhiteElo "2505"]
[BlackElo "2480"]
[PlyCount "151"]
[EventDate "1996.12.??"]
[Source "ChessBase"]
[SourceDate "1997.04.10"]

1. e4 c5 2. Nf3 Nc6 3. d4 cxd4 4. Nxd4 g6 5. c4 Nf6 6. Nc3 Nxd4 7. Qxd4 d6 8. Be2 Bg7 9. O-O O-O 10. Qd3 Nd7 11. Bg5 Nc5 12. Qe3 Bxc3 13. bxc3 Re8 14. Kh1 Qb6 15. Bh6 Na4 16. Qd2 Qb2 17. Qxb2 Nxb2 18. c5 Be6 19. cxd6 exd6 20. Rfb1 Na4 21. Rxb7 Nxc3 22. Bf3 Nxa2 23. h3 Reb8 24. Re7 Nc3 25. Ra6 Re8 26. Raxa7 Rac8 27. Reb7 Ra8 28. Rxa8 Rxa8 29. Rb4 d5 30. e5 Rc8 31. Kh2 Rc4 32. Rb6 Ne4 33. Bxe4 dxe4 34. Rd6 Rc8 35. Rd4 e3 36. Bxe3 h5 37. Bg5 Ra8 38. Kg3 Rc8 39. f4 Kh7 40. Bf6 Rc2 41. Rd8 Rc8 42. Rd2 Rc4 43. Bg5 Rc3+ 44. Kh4 Rc1 45. Rb2 Rc4 46. Rd2 Rc1 47. Bf6 Kh6 48. Rd3 Rc4 49. g4 hxg4 50. hxg4 Rc1 51. Kg3 Kh7 52. Kf3 Rc4 53. Rd2 Rc3+ 54. Ke4 Bxg4 55. e6 Rc6 56. Rh2+ Bh5 57. e7 Rxf6 58. e8=Q Re6+ 59. Qxe6 fxe6 60. Ke5 Kg7 61. Kxe6 Bg4+ 62. Ke5 Bf5 63. Rb2 Bd3 64. Rb3 Bc2 65. Rb7+ Kh6 66. Rb2 Bf5 67. Kf6 Kh5 68. Rg2 Bd3 69. Rg3 Be4 70. Rg5+ Kh6 71. Rc5 Bb1 72. Rc1 Be4 73. Re1 Bc6 74. Re5 Ba4 75. Rg5 Be8 76. f5 1-0